000 00713nam a22001697a 4500
003 OSt
005 20250920141209.0
008 241125b |||||||| |||| 00| 0 eng d
040 _aMMSU
_cULS
100 _aAlipio, Mark Angelo A.
245 _aContamination of helminths and protozoan parasites in lettuce (Lactuca sativa L.) and cabbage (Brassica oleracea var capitata L.) sold in Laoag City market, Ilocos Norte /
_cMark Angelo A. Alipio
260 _aCity of Batac :
_bMMSU,
_c2024.
300 _axv, 97 leaves ;
_c29 cm.
500 _aThesis (BS Biology) -- Mariano Marcos State University - College of Arts & Sciences, City of Batac, 2024.
504 _aBibliography : leaves 55-61
942 _2lcc
_cTHEDIS
999 _c24111
_d24111